Business and Corporate Laws (Record no. 93950)

MARC details
000 -LEADER
fixed length control field 00437nam a2200157Ia 4500
008 - FIXED-LENGTH DATA ELEMENTS--GENERAL INFORMATION
fixed length control field 230125s9999 xx 000 0 und d
020 ## - INTERNATIONAL STANDARD BOOK NUMBER
International Standard Book Number 9788121936415
041 ## - LANGUAGE CODE
Language code of text/sound track or separate title eng
082 ## - DEWEY DECIMAL CLASSIFICATION NUMBER
Classification number 346.065
Item number TUL
100 ## - MAIN ENTRY--PERSONAL NAME
Personal name Tulsian P C
9 (RLIN) 109602
245 ## - TITLE STATEMENT
Title Business and Corporate Laws
Remainder of title A Seif Study textbook
260 ## - PUBLICATION, DISTRIBUTION, ETC. (IMPRINT)
Date of publication, distribution, etc. 2011
Name of publisher, distributor, etc. S. Chand & Company Ltd.
Place of publication, distribution, etc. New Delhi
700 ## - ADDED ENTRY--PERSONAL NAME
Personal name Tulsian P C
9 (RLIN) 109602
906 ## - LOCAL DATA ELEMENT F, LDF (RLIN)
b 79.2
Holdings
Withdrawn status Lost status Damaged status Not for loan Home library Current library Date acquired Vendor Cost, normal purchase price Bill number Total Checkouts Full call number Barcode Date last seen Cost, replacement price Bill Date Koha item type Original Barcode
        Smt. Hiraben Nanavati Institute of Management & Research for Women Smt. Hiraben Nanavati Institute of Management & Research for Women 23/02/2016 Pritam Book Centre 360.00 9787   346.065 TUL B14006 HIMR-BK-14006 25/01/2023 280.80 22/02/2016 Books B14006
        Smt. Hiraben Nanavati Institute of Management & Research for Women Smt. Hiraben Nanavati Institute of Management & Research for Women 23/02/2016 Pritam Book Centre 360.00 9787   346.065 TUL B14007 HIMR-BK-14007 25/01/2023 280.80 22/02/2016 Books B14007